| 000 | 00767nam a2200157 a 4500 | ||
|---|---|---|---|
| 008 | 060424s1985 ||||||||||||||||| || u | ||
| 020 | _a0943852056 | ||
| 050 | _aL 45 Pro | ||
| 110 | _aProfessors World Peace Academy of Guyana | ||
| 245 | 1 | 4 | _aThe Role of technology in the development of the Caribbean : proceedings of a conference of the Professors World Peace Academy of Guyana, April 18-29, 1984--Georgetown, Guyana. |
| 260 |
_aNew York : _bProfessors World Peace Academy _c1985 |
||
| 300 | _a38 p. | ||
| 350 | _a0.00 | ||
| 650 | _aTECHNOLOGICAL INNOVATIONS - ECONOMIC ASPECTS - CARIBBEAN AREA - CONRESSES | ||
| 995 |
_D0.00 _FCBU-MAIN LIBRARY (Kitwe) _H1 _I8.95 _M1 _UAVAILABLE _ZAnnex Low-Usage Collection |
||
| 999 |
_c56705 _d56705 |
||